1659 1069 1907 1233 1607 1096 1377 1869 1091 1885 1642 1295 1098 1168 1029 1345 1575 1493 1562 1729 1210 1304 1980 1239 1375 1310 1002 1577 1504 1152 1056 1221 1913 1113 1441 1644 1668 1239 1120 1719 1602 1512 1635 1706 1835 1672 1355 1523 1607 1743 1478 1701 1334 1794 1419 1950 1542 1627 1551 1315 1190 1276 1879 1814 1435 1535 1943 1059 1177 1730 1366 1618 1141 1084 1577 1076 1386 1313 1153 1752 1684 1502 1523 1902 1415 1296 1311 1689 1159 1144 1173 1504 1574 1825 1945 1316 1864 1254 1380 BCNSPRNW ULIB Ver.6.0+V

เปลี่ยนเป็นภาษาไทย

Change to English
 แสดงรายละเอียดบรรณานุกรม
  กลับหน้าหลัก

Brief Record : Get Marc (ISO 2709) : E-mail record : QR code < ปิดหน้าต่าง
LEADER : 00000nam 2200000uu 4500
001    13399124475
003     ULIB
008    150803s2557 th a 000 0 tha d
020    9786163742032
060  4 QS4^bณ342บ
100    ณัฐพล รัตนธรรมสกุล
245    Anatomy Workbook I :^bบททดสอบตนเองกายวิภาคศาสตร์ เล่ม 1/^cณัฐพล รัตนธรรมสกุล และคณะ
250    พิมพ์ครั้งที่ 2
260    กรุงเทพฯ :^bภาควิชากายวิภาคศาสตร์ คณะแพทยศาสตร์ศิริราชพยาบาล มหาวิทยาลัยมหิดล,^c2557
300    259 หน้า;^b26 ซม.
650    กายวิภาคศาสตร์^xแบบทดสอบ
700    สุพิน ชมภูพงษฺ์
700    รังสฤษฏ์ สุนัน
700    พีรพร วรินทรา
710    มหาวิทยาลัยมหิดล.^bคณะแพทยศาสตร์ศิริราชพยาบาล.^bภาควิชากายวิภาคศาสตร์.
945    ^p295^l0^i23029
945    ^p295^l0^i23030
945    ^p295^l0^i23031
945    ^p295^l0^i23032
945    ^p295^l0^i23033
945    ^p295^l0^i23034
945    ^p295^l0^i23035
945    ^p295^l0^i23045
999    ^aทศพร เกษรทอง
รายการนี้ยังไม่มีแท็ก
คุณยังไม่ได้ล็อกอิน คุณสามารถมีกิจกรรมร่วมกับเว็บไซต์ได้ แต่ต้องล็อกอินก่อน ::
  ล็อกอิน

รายการสื่อสารสนเทศ

ลำดับที่ ประเภท เลขเรียก/บาร์โค้ด สถานที่ สถานะ
1. วิทยาศาสตร์การแพทย์ และสุขภาพ
วิทยาศาสตร์การแพทย์ และสุขภาพ
สถานะ=หนังสือเก่า
QS4 ณ342บ ฉ.1 
  Barcode: 23029
ห้องสมุดวิทยาเขตนครสวรรค์
►ส่วนจัดเก็บหนังสือเก่า นว.
บนชั้น
  ขอยืม
2. วิทยาศาสตร์การแพทย์ และสุขภาพ
วิทยาศาสตร์การแพทย์ และสุขภาพ
สถานะ=หนังสือเก่า
QS4 ณ342บ ฉ.2 
  Barcode: 23030
ห้องสมุดวิทยาเขตนครสวรรค์
►ส่วนจัดเก็บหนังสือเก่า นว.
บนชั้น
  ขอยืม
3. วิทยาศาสตร์การแพทย์ และสุขภาพ
วิทยาศาสตร์การแพทย์ และสุขภาพ
สถานะ=หนังสือเก่า
QS4 ณ342บ ฉ.3 
  Barcode: 23031
ห้องสมุดวิทยาเขตนครสวรรค์
►ส่วนจัดเก็บหนังสือเก่า นว.
บนชั้น
  ขอยืม
4. วิทยาศาสตร์การแพทย์ และสุขภาพ
วิทยาศาสตร์การแพทย์ และสุขภาพ
สถานะ=หนังสือเก่า
QS4 ณ342บ ฉ.4 
  Barcode: 23032
ห้องสมุดวิทยาเขตนครสวรรค์
►ส่วนจัดเก็บหนังสือเก่า นว.
บนชั้น
  ขอยืม
5. วิทยาศาสตร์การแพทย์ และสุขภาพ
วิทยาศาสตร์การแพทย์ และสุขภาพ
สถานะ=หนังสือเก่า
QS4 ณ342บ ฉ.5 
  Barcode: 23033
ห้องสมุดวิทยาเขตนครสวรรค์
►ส่วนจัดเก็บหนังสือเก่า นว.
บนชั้น
  ขอยืม
6. วิทยาศาสตร์การแพทย์ และสุขภาพ
วิทยาศาสตร์การแพทย์ และสุขภาพ
สถานะ=หนังสือเก่า
QS4 ณ342บ ฉ.6 
  Barcode: 23034
ห้องสมุดวิทยาเขตนครสวรรค์
►ส่วนจัดเก็บหนังสือเก่า นว.
บนชั้น
  ขอยืม
7. วิทยาศาสตร์การแพทย์ และสุขภาพ
วิทยาศาสตร์การแพทย์ และสุขภาพ
สถานะ=หนังสือเก่า
QS4 ณ342บ ฉ.7 
  Barcode: 23035
ห้องสมุดวิทยาเขตนครสวรรค์
►ส่วนจัดเก็บหนังสือเก่า นว.
บนชั้น
  ขอยืม
8. วิทยาศาสตร์การแพทย์ และสุขภาพ
วิทยาศาสตร์การแพทย์ และสุขภาพ
สถานะ=หนังสือเก่า
QS4 ณ342บ ฉ.8 
  Barcode: 23045
ห้องสมุดวิทยาเขตนครสวรรค์
►ส่วนจัดเก็บหนังสือเก่า นว.
บนชั้น
  ขอยืม

รายการใกล้เคียง
    ผู้แต่ง [ณัฐพล รัตนธรรมสกุล]

BibComment


ยังไม่เคยถูกคอมเมนท์

คอมเมนท์ทรัพยากรรายการนี้
  คอมเมนท์: Anatomy Workbook ..


 Copyright 2026. Bcnsprnw @Library